LEADER 05181nam 22006134a 450 001 9910143200803321 005 20170815113924.0 010 $a1-280-36711-3 010 $a9786610367115 010 $a0-470-23117-3 010 $a0-471-46241-1 010 $a0-471-44409-X 035 $a(CKB)111087027119310 035 $a(EBL)159853 035 $a(OCoLC)52911551 035 $a(SSID)ssj0000097531 035 $a(PQKBManifestationID)11121612 035 $a(PQKBTitleCode)TC0000097531 035 $a(PQKBWorkID)10120801 035 $a(PQKB)11432810 035 $a(MiAaPQ)EBC159853 035 $a(EXLCZ)99111087027119310 100 $a20030226d2003 uy 0 101 0 $aeng 135 $aur|n|---||||| 181 $ctxt 182 $cc 183 $acr 200 10$aAdsorbents$b[electronic resource] $efundamentals and applications /$fRalph T. Yang 210 $aHoboken, N.J. $cWiley-Interscience$dc2003 215 $a1 online resource (424 p.) 300 $aDescription based upon print version of record. 311 $a0-471-29741-0 320 $aIncludes bibliographical references and indexes. 327 $aADSORBENTS; CONTENTS; Preface; 1 Introductory Remarks; 1.1. Equilibrium Separation and Kinetic Separation; 1.2. Commercial Sorbents and Applications; 1.3. New Sorbents and Future Applications; References; 2 Fundamental Factors for Designing Adsorbent; 2.1. Potential Energies for Adsorption; 2.2. Heat of Adsorption; 2.3. Effects of Adsorbate Properties on Adsorption: Polarizability (a), Dipole Moment (m), and Quadrupole Moment (Q); 2.4. Basic Considerations for Sorbent Design; 2.4.1. Polarizability (a), Electronic Charge (q), and van der Waals Radius (r); 2.4.2. Pore Size and Geometry 327 $aReferences3 Sorbent Selection: Equilibrium Isotherms, Diffusion, Cyclic Processes, and Sorbent Selection Criteria; 3.1. Equilibrium Isotherms and Diffusion; 3.1.1. Langmuir Isotherms for Single and Mixed Gases; 3.1.2. Potential Theory Isotherms for Single and Mixed Gases; 3.1.3. Ideal Adsorbed Solution Theory for Mixture and Similarities with Langmuir and Potential Theories; 3.1.4. Diffusion in Micropores: Concentration Dependence and Predicting Mixed Diffusivities; 3.2. Temperature Swing Adsorption and Pressure Swing Adsorption; 3.2.1. Temperature Swing Adsorption 327 $a3.2.2. Pressure Swing Adsorption3.3. Simple Criteria for Sorbent Selection; References; 4 Pore Size Distribution; 4.1. The Kelvin Equation; 4.2. Horva?th-Kawazoe Approach; 4.2.1. The Original HK Slit-Shaped Pore Model; 4.2.2. Modified HK Model for Slit-Shaped Pores; 4.2.3. Modified Model for Cylindrical Pores; 4.3. The Integral Equation Approach; References; 5 Activated Carbon; 5.1. Formation and Manufacture of Activated Carbon; 5.2. Pore Structure and Standard Tests for Activated Carbon; 5.3. General Adsorption Properties; 5.4. Surface Chemistry and Its Effects on Adsorption 327 $a5.4.1. Effects of Surface Functionalities on Gas Adsorption5.5. Adsorption from Solution and Effects of Surface Functionalities; 5.5.1. Adsorption from Dilute Solution (Particularly Phenols); 5.5.2. Effects of Surface Functionalities on Adsorption; 5.6. Activated Carbon Fibers; 5.6.1. Adsorption Isotherms; 5.7. Carbon Molecular Sieves; 5.7.1. Carbon Deposition Step; 5.7.2. Kinetic Separation: Isotherms and Diffusivities; 5.7.3. Carbon Molecular Sieve Membranes; References; 6 Silica Gel, MCM, and Activated Alumina; 6.1. Silica Gels: Preparation and General Properties 327 $a6.2. Surface Chemistry of Silicas: The Silanol Groups6.3. The Silanol Number (OH/nm(-1)); 6.4. MCM-41; 6.5. Chemical Modification of Silicas and Molecular Imprinting; 6.6. Activated Alumina; 6.7. Activated Alumina as Special Sorbents; References; 7 Zeolites and Molecular Sieves; 7.1. Zeolite Types A, X, and Y; 7.1.1. Structure and Cation Sites of Type A Zeolite; 7.1.2. Structure and Cation Sites of Types X and Y Zeolites; 7.1.3. Examples of Molecular Sieving; 7.2. Zeolites and Molecular Sieves: Synthesis and Molecular Sieving Properties; 7.2.1. Synthesis of Zeolites A, X, and Y 327 $a7.2.2. Organic Additives (Templates) in Synthesis of Zeolites and Molecular Sieves 330 $aAdsorption promises to play an integral role in several future energy and environmental technologies, including hydrogen storage, CO removal for fuel cell technology, desulfurization of transportation fuels, and technologies for meeting higher standards on air and water pollutants. Ralph Yang's Adsorbents provides a single and comprehensive source of knowledge for all commercial and new sorbent materials, presenting the fundamental principles for their syntheses, their adsorption properties, and their present and potential applications for separation and purification. Chapter topics in this au 606 $aAdsorption 608 $aElectronic books. 615 0$aAdsorption. 676 $a660.284235 676 $a660/.284235 700 $aYang$b R. T$0895619 801 0$bMiAaPQ 801 1$bMiAaPQ 801 2$bMiAaPQ 906 $aBOOK 912 $a9910143200803321 996 $aAdsorbents$92000750 997 $aUNINA LEADER 02877nam 2200541 450 001 9910798355903321 005 20230808193210.0 010 $a3-8382-6860-1 035 $a(CKB)3710000000679485 035 $a(EBL)4471816 035 $a(OCoLC)950461595 035 $a(MiAaPQ)EBC4471816 035 $a(MiAaPQ)EBC5782733 035 $a(EXLCZ)993710000000679485 100 $a20160526h20162016 uy 0 101 0 $aeng 135 $aur|n|---||||| 181 $2rdacontent 182 $2rdamedia 183 $2rdacarrier 200 00$aEuropean engagement under review $eexporting values, rules, and practices to Post-Soviet space /$fVera Axyonova, editor 210 1$aStuttgart, [Germany] :$cibidem-Verlag,$d2016. 210 4$dİ2016 215 $a1 online resource (219 p.) 225 1 $aInterdisciplinary Series of the Centre for Intercultural and European Studies,$x1865-2255 ;$vVolume 15 300 $aDescription based upon print version of record. 311 $a3-8382-0890-0 327 $aEditorial; Acknowledgements; Contents; On the export of European values, rules and practices: Introducing the debate; The EU's policy of democracy promotion and Ukraine's bumpy path to the Association Agreement-amidst a major crisis in Europe; Provisionally unsuccessful? European democracy promotion in the South Caucasus; Governance and governmentality of EU Neighbourhood Policy. Two perspectives on the role of civil society in external democracy promotion; The European Union's assistance to Kyrgyzstan: Good intentions, mixed results 327 $aPoland's democracy promotion in Belarus-closer to the US' or the EU's approach?Academic cooperation with Russian higher education institutions: German organisations as transfer agents?; That's what friends are for-external migration management of the European Union in its eastern neighbourhood; Inescapable partners: The European Union and the Council of Europe as rule of law promoters in Ukraine; List of contributors 410 0$aInterdisciplinary series of the Centre for Intercultural and European Studies ;$vVolume 15. 606 $aSociology$zEurope 606 $aDemocracy$vEurope 607 $aEuropean Union countries$xForeign relations$zRussia (Federations) 607 $aRussia (Federation)$xForeign relations$zEuropean Union countries 607 $aEuropean Union countries$xForeign relations$zFormer communist countries 607 $aFormer communist countries$xForeignrelations$zEuropean Union countries 607 $aEuropean Union countries$xForeign relations$y21st century 615 0$aSociology 615 0$aDemocracy 676 $a301.094 702 $aAxyonova$b Vera 801 0$bMiAaPQ 801 1$bMiAaPQ 801 2$bMiAaPQ 906 $aBOOK 912 $a9910798355903321 996 $aEuropean engagement under review$93813815 997 $aUNINA